Narodowości strzelców bramek w sezonie 2019/20 Serie A - Statystyki

Ogólne statystyki
  • Ten quiz został rozwiązany 179 razy
  • Średni wynik to 30 z 41
Statystyki odpowiedzi
Kontynent Kraj % Poprawnych
Europa Polska
100%
Europa Włochy
99%
Europa Hiszpania
98%
Ameryka Południowa Argentyna
97%
Europa Portugalia
97%
Ameryka Południowa Brazylia
95%
Europa Niemcy
93%
Ameryka Południowa Kolumbia
92%
Europa Belgia
90%
Europa Szwecja
90%
Europa Francja
89%
Europa Holandia
88%
Europa Anglia
87%
Ameryka Południowa Chile
87%
Europa Chorwacja
85%
Europa Serbia
85%
Europa Grecja
84%
Europa Ukraina
83%
Europa Słowacja
82%
Ameryka Południowa Urugwaj
81%
Europa Słowenia
80%
Europa Czechy
77%
Europa Dania
77%
Europa Szwajcaria
76%
Ameryka Południowa Ekwador
75%
Afryka Senegal
75%
Azja Turcja
72%
Ameryka Południowa Wenezuela
72%
Ameryka Południowa Paragwaj
70%
Europa Bośnia i Hercegowina
68%
Ameryka Północna Meksyk
68%
Europa Albania
66%
Afryka Wybrzeże kości słoniowej
57%
Europa Macedonia Północna
55%
Europa Czarnogóra
53%
Afryka Ghana
53%
Europa Walia
51%
Azja Armenia
22%
Afryka Angola
16%
Afryka Gambia
12%
Afryka Gwinea Równikowa
4%
Nie znaleziono quizów pasujących do podanych kryteriów
Rozkład punktacji
Procent ludzi z każdym wynikiem
Percentyl według liczby udzielonych odpowiedzi
Twoja historia wyników
Nie rozwiązałeś tego quizu